Language learning in higher education journal of the European Confederation of Language Centres in HIgher Education (CercleS).

Bibliographic Details
Corporate Author: European Confederation of Language Centres in Higher Education
Format: Electronic Journal
Language:English
Published: [Berlin, Germany] : De Gruyter Mouton, [2011]-
Subjects:
Online Access:Full text available from Research Library: 01/01/2012 to 6 months ago

MARC

LEADER 00000nas a2200000 i 4500
001 ssj0000800809
003 WaSeSS
005 20200512172242.0
006 m d
007 cr n
008 130808c20119999gw fx pss 0 a0eng
010 |a  2016207407 
022 |a 2191-6128  |y 2191-611X 
035 |a (WaSeSS)ssj0000800809 
040 |a LGG  |b eng  |e pn  |c LGG  |d LGG  |d OCLCO  |d OCLCF  |d CUD  |d DLC  |d OCLCO  |d DEFHM  |d OCLCO  |d OCLCA  |d NTG  |d WaSeSS 
042 |a pcc 
050 0 0 |a PB38.E8 
082 1 0 |a 418 
130 0 |a Language learning in higher education (Berlin, Germany) 
222 0 |a Language learning in higher education  |b (Berlin, Germany : Online) 
245 1 0 |a Language learning in higher education  |h [electronic resource] :  |b journal of the European Confederation of Language Centres in HIgher Education (CercleS). 
246 1 3 |a Journal of the European Confederation of Language Centres in Higher Education (CercleS) 
246 1 7 |a CercleS 
260 |a [Berlin, Germany] :  |b De Gruyter Mouton,  |c [2011]- 
310 |a Two numbers a year 
362 1 |a Began with volume 1, issue 1 (Aug 2011). 
506 |a License restrictions may limit access. 
588 |a Description based on: Volume 1, issue 1 (Aug 2011); title from De Gruyter Online (viewed June 1, 2016). 
588 |a Latest issue consulted: Volume 6, issue 1 (May 2016) (viewed June 1, 2016). 
650 0 |a Languages, Modern  |x Study and teaching (Higher)  |z Europe  |v Periodicals. 
650 7 |a Languages, Modern  |x Study and teaching (Higher)  |2 fast  |0 (OCoLC)fst00992494 
650 7 |a Fremdsprachenlernen  |2 gnd 
651 7 |a Europe.  |2 fast  |0 (OCoLC)fst01245064 
655 0 |a Electronic journals. 
710 2 |a European Confederation of Language Centres in Higher Education. 
776 0 8 |i Print version:  |t Language learning in higher education  |x 2191-611X  |w (DLC) 2012204321  |w (OCoLC)820955504 
850 |a DLC 
856 4 0 |z Full text available from Research Library: 01/01/2012 to 6 months ago  |u https://search.proquest.com/publication/2031323